000 00334pab a2200145 454500
008 180718b1997 xxu||||| |||| 00| 0 eng d
100 _aDalal, A.H.
245 _aVDIS, 1997: amnesty and honesty
260 _c1997
300 _ap.10-14
362 _aAug
650 _aIncome tax
773 _aChartered Accountant
909 _a35112
999 _c35112
_d35112